<?xml version="1.0" encoding="UTF-8"?>
<record
    xmlns:xsi="http://www.w3.org/2001/XMLSchema-instance"
    xsi:schemaLocation="http://www.loc.gov/MARC21/slim http://www.loc.gov/standards/marcxml/schema/MARC21slim.xsd"
    xmlns="http://www.loc.gov/MARC21/slim">

  <leader>01140nam a22002537a 4500</leader>
  <controlfield tag="003">BPGM</controlfield>
  <controlfield tag="008">260408s        mx ||||| |||| 00| 0 spa d</controlfield>
  <datafield tag="020" ind1=" " ind2=" ">
    <subfield code="a">968-29-1064-1</subfield>
  </datafield>
  <datafield tag="040" ind1=" " ind2=" ">
    <subfield code="a">BPGM</subfield>
    <subfield code="b">spa</subfield>
  </datafield>
  <datafield tag="041" ind1=" " ind2=" ">
    <subfield code="a">spa</subfield>
    <subfield code="h">spa</subfield>
  </datafield>
  <datafield tag="082" ind1="0" ind2="4">
    <subfield code="a">793.33 /</subfield>
    <subfield code="b">D34</subfield>
    <subfield code="2">PRIMERA EDICION</subfield>
  </datafield>
  <datafield tag="100" ind1=" " ind2=" ">
    <subfield code="a">DALLAL, ALBERTO</subfield>
  </datafield>
  <datafield tag="245" ind1=" " ind2=" ">
    <subfield code="a">EL "DANCING" MEXICANO</subfield>
  </datafield>
  <datafield tag="260" ind1=" " ind2=" ">
    <subfield code="a">M&#xC9;XICO :</subfield>
    <subfield code="b">EDICIONES OASIS, </subfield>
    <subfield code="c">1982.</subfield>
  </datafield>
  <datafield tag="300" ind1=" " ind2=" ">
    <subfield code="a">207 p&#xE1;ginas;</subfield>
    <subfield code="c">13.1 cm x 21 cm</subfield>
  </datafield>
  <datafield tag="336" ind1=" " ind2=" ">
    <subfield code="2">rdacontent</subfield>
    <subfield code="a">texto</subfield>
    <subfield code="b">txt</subfield>
  </datafield>
  <datafield tag="337" ind1=" " ind2=" ">
    <subfield code="2">rdamedia</subfield>
    <subfield code="a">sin mediaci&#xF3;n</subfield>
    <subfield code="b">n</subfield>
  </datafield>
  <datafield tag="338" ind1=" " ind2=" ">
    <subfield code="2">rdacarrier</subfield>
    <subfield code="a">volumen </subfield>
    <subfield code="b">nc</subfield>
  </datafield>
  <datafield tag="505" ind1=" " ind2=" ">
    <subfield code="a">DE ESTUDIOSO DE LA DANZA EN SUS MANIFESTACIONES CONSIDERADAS "MAS PURAS" COMO EL BALLET, TANTO EL CLASICO COMO SUS RAMAS MAS MODERNAS, A&#xD1;BERTO DALLAL (CIUDAD DE M&#xC9;XICO, 1936) INCURSIONA EN EL "DANCING" MEXICANO (1982), ENSAYO GANADOR DEL PREMIO VILLAURRUTIA DE ESE A&#xD1;O, POR EL FABULOSO MUNDO DE LOS SALONES DE BAILE Y DE SU PECULIAR ESTILO DE PRACTICAR EL LLAMADO ARTE DE TERPSICOPE.</subfield>
  </datafield>
  <datafield tag="650" ind1=" " ind2=" ">
    <subfield code="a">LAS ARTES LAS BELLAS ARTES Y ARTES DECORATIVAS</subfield>
  </datafield>
  <datafield tag="650" ind1=" " ind2=" ">
    <subfield code="a">ARTES RECREATIVAS Y DELA ACTUACION</subfield>
  </datafield>
  <datafield tag="650" ind1=" " ind2=" ">
    <subfield code="a">JUEGOS Y DIVERSIONES BAJO TECHO</subfield>
  </datafield>
  <datafield tag="942" ind1=" " ind2=" ">
    <subfield code="2">ddc</subfield>
    <subfield code="c">GENERAL</subfield>
  </datafield>
  <datafield tag="952" ind1=" " ind2=" ">
    <subfield code="0">0</subfield>
    <subfield code="1">0</subfield>
    <subfield code="2">ddc</subfield>
    <subfield code="4">0</subfield>
    <subfield code="7">0</subfield>
    <subfield code="8">GENERAL</subfield>
    <subfield code="a">BPCEFC</subfield>
    <subfield code="b">BPCEFC</subfield>
    <subfield code="c">ACCESO &#xA8;B&#xA8;PLANTA BAJA </subfield>
    <subfield code="d">2026-04-08</subfield>
    <subfield code="e">DONACION </subfield>
    <subfield code="f">ACCESO B P</subfield>
    <subfield code="l">0</subfield>
    <subfield code="o">793.33 / D34</subfield>
    <subfield code="p">27699</subfield>
    <subfield code="r">2026-04-08 20:26:54</subfield>
    <subfield code="t">EJ. 4</subfield>
    <subfield code="w">2026-04-08</subfield>
    <subfield code="y">GENERAL</subfield>
  </datafield>
  <datafield tag="952" ind1=" " ind2=" ">
    <subfield code="0">0</subfield>
    <subfield code="1">0</subfield>
    <subfield code="2">ddc</subfield>
    <subfield code="4">0</subfield>
    <subfield code="7">0</subfield>
    <subfield code="8">GENERAL</subfield>
    <subfield code="a">BPCEFC</subfield>
    <subfield code="b">BPCEFC</subfield>
    <subfield code="c">ACCESO &#xA8;B&#xA8;PLANTA BAJA </subfield>
    <subfield code="d">2026-04-08</subfield>
    <subfield code="e">DONACION </subfield>
    <subfield code="f">ACCESO B P</subfield>
    <subfield code="l">0</subfield>
    <subfield code="o">793.33 / D34</subfield>
    <subfield code="p">27698</subfield>
    <subfield code="r">2026-04-08 20:28:55</subfield>
    <subfield code="t">EJ.3</subfield>
    <subfield code="w">2026-04-08</subfield>
    <subfield code="y">GENERAL</subfield>
  </datafield>
  <datafield tag="952" ind1=" " ind2=" ">
    <subfield code="0">0</subfield>
    <subfield code="1">0</subfield>
    <subfield code="2">ddc</subfield>
    <subfield code="4">0</subfield>
    <subfield code="7">0</subfield>
    <subfield code="8">GENERAL</subfield>
    <subfield code="a">BPCEFC</subfield>
    <subfield code="b">BPCEFC</subfield>
    <subfield code="c">ACCESO &#xA8;B&#xA8;PLANTA BAJA </subfield>
    <subfield code="d">2026-04-08</subfield>
    <subfield code="e">DONACION </subfield>
    <subfield code="f">ACCESO B P</subfield>
    <subfield code="l">0</subfield>
    <subfield code="o">793.33 / D34</subfield>
    <subfield code="p">27697</subfield>
    <subfield code="r">2026-04-08 20:30:24</subfield>
    <subfield code="t">EJ. 2</subfield>
    <subfield code="w">2026-04-08</subfield>
    <subfield code="y">GENERAL</subfield>
  </datafield>
  <datafield tag="952" ind1=" " ind2=" ">
    <subfield code="0">0</subfield>
    <subfield code="1">0</subfield>
    <subfield code="2">ddc</subfield>
    <subfield code="4">0</subfield>
    <subfield code="7">2</subfield>
    <subfield code="8">GENERAL</subfield>
    <subfield code="a">BPCEFC</subfield>
    <subfield code="b">BPCEFC</subfield>
    <subfield code="c">ACCESO &#xA8;B&#xA8;PLANTA BAJA </subfield>
    <subfield code="d">2026-04-08</subfield>
    <subfield code="e">DONACION </subfield>
    <subfield code="f">ACCESO B P</subfield>
    <subfield code="l">0</subfield>
    <subfield code="o">793.33 / D34</subfield>
    <subfield code="p">27696</subfield>
    <subfield code="r">2026-04-08 20:30:24</subfield>
    <subfield code="t">EJ. 1</subfield>
    <subfield code="w">2026-04-08</subfield>
    <subfield code="y">GENERAL</subfield>
  </datafield>
  <datafield tag="999" ind1=" " ind2=" ">
    <subfield code="c">68563</subfield>
    <subfield code="d">68563</subfield>
  </datafield>
</record>
